MARC

LEADER 00000nam0a2200000 4500
001 134184
005 20231101220456.0
035 |a (RuTPU)RU\TPU\book\145435 
090 |a 134184 
100 |a 20080326g1980 m y0rusy50 ca 
101 0 |a rus 
102 |a RU 
105 |a a j 001zy 
200 1 |a Система парогенератор - турбина и управление ею  |e учебник для среднего профессионально-технического образования  |f В. С. Соколов, Л. В. Деев 
210 |a Москва  |c Высшая школа  |d 1980 
215 |a 288 с.  |c ил. 
320 |9 572  |a Библиогр.: с. 283- 
606 1 |a Тепловые электрические станции  |x Оборудование  |2 stltpush  |3 (RuTPU)RU\TPU\subj\59626  |9 77136 
606 1 |a Паровые машины  |2 stltpush  |3 (RuTPU)RU\TPU\subj\48239  |9 67116 
610 1 |a парогенераторные установки 
610 1 |a турбинные установки 
610 1 |a управление 
610 1 |a учебники 
610 1 |a топливо 
610 1 |a сжигание 
610 1 |a поверхности нагрева 
610 1 |a конденсационные установки 
610 1 |a техническое водоснабжение 
610 1 |a эксплуатация 
610 1 |a техника безопасности 
610 1 |a неполадки 
610 1 |a аварии 
675 |a 621.311.22.002.5(075.3)  |v 3 
675 |a 621.311.22.002.5(075.3)  |v 3 
675 |a 621.1(075.3)  |v 3 
700 1 |a Соколов  |b В. С.  |g Виталий Сергеевич 
701 1 |a Деев  |b Л. В.  |g Леонид Васильевич 
801 1 |a RU  |b 63413507  |c 20080204  |g PSBO 
801 2 |a RU  |b 63413507  |c 20220530  |g PSBO 
942 |c BK